000 01756nam a2200505 i 4500
001 22250
003 KOSZ 005
005 20200303090737.0
008 990506s1983 pl a f |000 0 pol
015 _aPB 1983/4837
020 _a8320401984
035 _a991009310389705066
035 _a(PL-WaBN)b12523586-48omnis_nlop
035 _ab12523586
035 _a(OCoLC)830217231
035 _a(PL)b0000001252358
035 _a(EXLNZ-48OMNIS_NETWORK)9910124831605606
040 _aWA N
_cWA N
_dKOSZ 005/EG
041 0 _apol
046 _k1983
080 _a621.38
080 _a(03)
245 1 0 _aEncyklopedia techniki :
_belektronika /
_cgłówny kom. red. Janusz Groszkowski [et al.] ; red. nauk. tomu Maria Król [et al.]; [aut. Jerzy Antoniewicz et al.].
260 _aWarszawa :
_bWydawnictwa Naukowo-Techniczne,
_c1983.
300 _aVII, [1], 861, [2] s. :
_bfot., rys., wykr., err. ;
_c25 cm.
336 _2rdacontent
_aTekst
_btxt
337 _2rdamedia
_aBez urządzenia pośredniczącego
_bn
338 _2rdacarrier
_aWolumin
_bnc
380 _aKsiążki
380 _aPublikacje fachowe
380 _aPublikacje informacyjne
388 _a1901-2000
388 _a1945-1989
504 _aBibliogr. s. 837-842.
650 7 _aElektronika
_2DBN
655 7 _aEncyklopedia
_2DBN
658 _aInżynieria i technika
700 1 _aAntoniewicz, Jerzy
_eAutor
700 1 _aGroszkowski, Janusz
_d(1898-1984)
_eRedakcja
700 1 _aKrólak, Marian
_d(1941- )
_eRedakcja
710 2 _aWydawnictwa Naukowo-Techniczne
_4pbl
856 _uhttp://koha.tu.koszalin.pl/cgi-bin/koha/opac-detail.pl?biblionumber=22250
_yKatalog online BPK
942 _2UKD
_cKS
999 _c22250
_d22250